00379nam a22001457a 4500003000400000008004100004020001900045082001100064100001700075245006600092250001300158260004000171300001100211650001100222OSt241023b |||||||| |||| 00| 0 eng d a978-8190216814 a759.54 aPRIYA, Madhu aFragrance: An Innovative Collection of Indian Textile Designs a1st. ed. aMumbai,bHonesty Publishers,c2004, a176 p. aB.FAD.